| 000 | 01949nam a22003617a 4500 | ||
|---|---|---|---|
| 005 | 20081003124743.0 | ||
| 008 | 081003t xxu||||| |||| 00| 0 hin d | ||
| 010 | _aHIN-84269 | ||
| 020 |
_c90.00 _a9788184670301 |
||
| 035 | _aHN-56615 | ||
| 037 | _bDBAD /PUB | ||
| 040 |
_aDPL _bHN |
||
| 082 | _a320.52 | ||
| 100 | _aभट्ट, एस.आर. | ||
| 245 |
_aसांप्रदायिकतावाद के भयानक चेहरे / _cएस.आर. भट्ट एवं जी. राजशेखर ,के.फणिराजे. वेंकटराज विराज द्वारा अनुदित |
||
| 260 |
_aबैंगलूर _bनवकर्नाटक पब्लिकेषन्स प्रैवेट लिमिटेड _c2008 |
||
| 270 |
_aएम्बेसि सेन्टर,11, क्रेसेन्ट रोड, कु.पा.पूर्व _k 0891 2715302 _bबैंगलूर _e560001 _l080 30578023 _mnavakarnataka@vsnl.com |
||
| 300 |
_a150पृ _b22सेमी (अजिल्द) |
||
| 500 | _aनवकर्नाटक प्रकाशन का 2410वीं प्रकटण | ||
| 650 |
_aसांप्रदायिकता _zभारत |
||
| 650 |
_aCommunalism _zIndia |
||
| 650 |
_aहिन्दू _zभारत |
||
| 650 |
_aHindus _zIndia |
||
| 650 |
_aमुस्लिम _zभारत |
||
| 650 |
_aMuslims _zIndia |
||
| 651 |
_aभारत _zजातीय सम्बंध |
||
| 651 |
_aIndia _zEthnic relations |
||
| 700 | _aराजशेखर, जी. | ||
| 700 | _aफणिराज, के. | ||
| 700 | _aवेंकटराज विराज | ||
| 942 |
_2ddc _cHN _mभट्टए _h320.52 |
||
| 999 |
_c16183 _d16183 |
||